000 00734nam a2200229Ia 4500
003 OSt
005 20220926022308.0
006 a|||||r|||| 00| 0
007 ta
008 220923b |||||||| |||| 00| 0 eng d
037 _cGeneral Book
040 _aRTL
_cRTL
_beng
041 _2eng
_aeng
082 _aX9(F56):99R.1(X).N7, L1/UN
100 _aWortzel Lawrence H
_9327614
245 0 _aTechnology transfer in the pharmaceutica industry
260 _aNew York
_bUnited Nations Institute for Training and Research USA
_c1971
300 _a53p.
_ccm.
650 _aPharmaceutical Industry
_9230534
942 _hX9(F56):99R.1(X).N7, L1/UN
_cGB
_2CC
999 _c639134
_d639134